La Soya y la organización de la mujer en Nicaragua /

sin resumen

Furkejuvvon:
Bibliográfalaš dieđut
Váldodahkki: Pérez A., Paola
Materiálatiipa: Texto
Fáddágilkorat: Lasit fáddágilkoriid
Eai fáddágilkorat, Lasit vuosttaš fáddágilkora!

MARC

LEADER 00000 a a2200000 04500
001 10963
003
040
100 |a Pérez A., Paola  
245 |a La Soya y la organización de la mujer en Nicaragua /  |c Paola Pérez A. 
520 |a sin resumen  
773 |g número 16; páginas 189-220  
999 |c 33106  |d 33106 
773 0 |0 43004  |9 4708  |a Centro Latinoamericano de Trabajo Social  |d Lima, Perú: CELATS 1984-  |o MFN: 0907  |t Nuevos Cuadernos CELATS /